00330nam a2200133Ia 4500008004100000041000800041082001400049100001900063245002800082250001400110260003500124300003000159365000700189240624s9999 xx 000 0 und d aeng a658.8 JAI aJAIN SUBHASH C aINTERNATIONAL MARKETING a(6th ed.) c2001aAustraliabSouth Western axv, : 520 : p. : cm. ; 24 cRS